আজব প্রাণী আজব গাছ : (Record no. 3408)
[ view plain ]
| 000 -LEADER | |
|---|---|
| fixed length control field | 00729nam a2200241 a 4500 |
| 001 - CONTROL NUMBER | |
| JCCL Control Number | 3408 |
| 003 - CONTROL NUMBER IDENTIFIER | |
| JCCL marc code | BD-JhCC |
| 005 - DATE AND TIME OF LATEST TRANSACTION | |
| control field | 20171113183605.0 |
| 008 - FIXED-LENGTH DATA ELEMENTS--GENERAL INFORMATION | |
| fixed length control field | 171113s1976 bg a|||| |||| 000 0 ben d |
| 035 ## - SYSTEM CONTROL NUMBER | |
| system control number | (BD-JhCC)3408 |
| 040 ## - CATALOGING SOURCE | |
| Original cataloging agency | BD-JhCC |
| Modifying agency | BD-JhCC |
| 041 ## - LANGUAGE CODE | |
| Language code of Book | ben |
| 082 ## - DEWEY DECIMAL CLASSIFICATION NUMBER | |
| Classification number | 590 |
| Author mark and Year | RAH 1976 |
| 100 ## - MAIN ENTRY--PERSONAL NAME | |
| Personal name | রহমান, আতোয়ার |
| 245 ## - TITLE STATEMENT | |
| Title | আজব প্রাণী আজব গাছ : |
| Remainder of title | প্রথম খন্ড / |
| Statement of responsibility, etc | আতোয়ার রহমান. |
| 250 ## - EDITION STATEMENT | |
| Edition statement | 2nd Edi. |
| 260 ## - PUBLICATION, DISTRIBUTION, ETC. (IMPRINT) | |
| Place of publication, distribution, etc | ঢাকা : |
| Name of publisher, distributor, etc | নওরোজ কিতাবিস্তান, |
| Date of publication, distribution, etc | 1976. |
| 300 ## - PHYSICAL DESCRIPTION | |
| Pagination | 110 P. : |
| Other physical details | illus., |
| Dimensions | 20 cm. |
| 650 ## - SUBJECT ADDED ENTRY--TOPICAL TERM | |
| Topical term or geographic name as entry element | Animals |
| 650 ## - SUBJECT ADDED ENTRY--TOPICAL TERM | |
| Topical term or geographic name as entry element | Flora |
| 942 ## - ADDED ENTRY ELEMENTS (KOHA) | |
| Source of classification or shelving scheme | Dewey Decimal Classification |
| Koha item type | Books |
| Source of classification or shelving scheme | Damaged status | Not for loan | Home library | Current library | Shelving location | Date of accession | Cost, normal purchase price | Total Checkouts | Full call number | Barcode | Date last seen | Copy number | Koha item type |
|---|---|---|---|---|---|---|---|---|---|---|---|---|---|
| Dewey Decimal Classification | JCC Rouf Library | JCC Rouf Library | General Stacks | 11/13/2017 | 10.00 | 590 RAH 1976 | 4002 | 11/13/2017 | C-1 | Books |